01068nam a22002657a 450000500170000001000150001702000270003203500140005903700090007308200080008210000290009024500960011925000060021526000550022127000660027630000250034265000450036765000580041265000690047070000330053970000390057294200220061199900190063395201500065220250107121537.0 aENG-143219 a9780808924067c4067.00 aEN-126751 bDBAD a611 aDrake, Richard L.975972 aGray's Anatomy For Students/cby Richard L. Drake; A. Wayne Vogl [and] Adam W. M. Mitchell a2 aPhiladelphiabChurchill Livingstone Elsevierc2010 a1600 John F. Kennedy Blvd, Ste 1800 bPhiladelphiae191032899 axxv,1103p.b27cm(pb) aChurchill, Winston, -- 1874-1965.975973 aPrime ministers -- Great Britain -- Biography.975974 aGreat Britain -- Politics and government -- 20th century.975975 aA. Wayne VogleAuthor975976 aAdam W. M. MitchelleAuthor975977 2ddccENh611mDRA c208127d208127 001040708NFICaMPbMPd2025-01-07eDelivery of Books Divisiong4067.00l0o611 DRApEN-126751r2025-01-07 00:00:00t1v4067.00w2025-01-07yEN